| 000 | 00340nam a22001457a 4500 | ||
|---|---|---|---|
| 020 | _a9789699532009 | ||
| 082 | _a726.20954 SAF | ||
| 100 | _aSafdar Ali Shah | ||
| 245 | _aChurches of Pakistan | ||
| 260 |
_aLahore _bConstellation Plus |
||
| 300 | _axiv, 123 p. | ||
| 500 | _aIncludes index. | ||
| 650 | _aChurches---Pakistan | ||
| 942 | _cBK | ||
| 999 |
_c13209 _d13209 |
||